01429cam a2200325 i 450000100060000000300080000600500170001400800410003102000340007202000310010603500190013704000580015604100080021408200250022224500860024725000120033326000670034530000320041249000390044450000530048350400510053650500890058765100360067670000330071270000290074583000400077485600910081485601060090585600920101144360BD-RjUL20211209053837.0130507r20142013ii ab g b 001 0 eng d a9780198081746c: IRs. 1095.00 a019808174Xc: IRs. 1095.00 a(BD-RjUL)44478 aDKAGEbengcDKAGEdBTCTAdYDXCPdHEBISdDLCerdadDLC aeng04a327.54223bIND 201400aIndia's foreign policy :ba reader /cedited by Kanti P. Bajpai and Harsh V. Pant a1st ed. aNew Delhi :bOxford University Press, c2013 [Impression 2014] ax, 452 p. :bill. ;c23 cm.1 aCritical issues in Indian politics aContributed articles; most previously published. aIncludes bibliographical references and index.0 aIdeas -- Power and capacity -- Bilateral and regional relations -- Global diplomacy. 0aIndiaxForeign relationsy1984-1 aBajpai, Kanti P., ed.d1955-1 aPant, Harsh V. , jt. ed. 0aCritical issues in Indian politics.423Publisher descriptionuhttp://www.loc.gov/catdir/enhancements/fy1410/2013332787-d.html423Contributor biographical informationuhttp://www.loc.gov/catdir/enhancements/fy1410/2013332787-b.html413Table of contents onlyuhttp://www.loc.gov/catdir/enhancements/fy1410/2013332787-t.html